| 000 | 01457cam a2200361 a 4500 | ||
|---|---|---|---|
| 001 | EDZ0000063875 | ||
| 003 | StDuBDS | ||
| 005 | 20161031105112.0 | ||
| 006 | m||||||||d|||||||| | ||
| 007 | cr ||||||||||| | ||
| 008 | 120326s1998 enk fo| 001|0|eng d | ||
| 020 |
_a9781446217030 (ebook) : _cNo price |
||
| 040 |
_aStDuBDS _beng _cStDuBDS _epn |
||
| 049 | _aAlfaisal Main Library | ||
| 050 | 4 | _aRC465.5 | |
| 082 | 0 | 4 |
_a616.8914068 _223 |
| 100 | 1 | _aThistle, Roger. | |
| 245 | 1 | 0 |
_aCounselling and psychotherapy in private practice _h[electronic resource] / _cRoger Thistle. |
| 260 |
_aLondon : _bSAGE, _c1998. |
||
| 300 | _a1 online resource ([vi], 135 p.). | ||
| 490 | 1 | _aProfessional skills for counsellors | |
| 504 | _aIncludes bibliographical references and index. | ||
| 520 | 8 | _aThis practical book explores the conflicts of running a counselling and psychotherapy business that needs to be ethical and responsive to clients needs, but at the same time has to be successful and profitable. | |
| 521 | _aSpecialized. | ||
| 588 | _aDescription based on print version record. | ||
| 650 | 0 |
_aPsychotherapy _xPractice. |
|
| 655 | 7 |
_aElectronic books. _2local |
|
| 710 | 2 | _aSage eBooks | |
| 776 | 0 | 8 |
_iPrint version : _z9780761951056 |
| 830 | 0 | _aProfessional skills for counsellors. | |
| 856 | 4 | 0 | _uhttp://ezproxy.alfaisal.edu/login?url=http://sk.sagepub.com/books/counselling-and-psychotherapy-in-private-practice |
| 942 |
_2lcc _cEBOOKS |
||
| 999 |
_c479337 _d479337 |
||